LIBRARY ONLINE CATALOGUE

The moral foundations of educational research : (Record no. 4386)

MARC details
000 -LEADER
fixed length control field 00775cam a22002292 4500
001 - CONTROL NUMBER
control field 0000023577
005 - DATE AND TIME OF LATEST TRANSACTION
control field 20151217145942.0
008 - FIXED-LENGTH DATA ELEMENTS--GENERAL INFORMATION
fixed length control field 130228s xx 000 0 eng d
010 ## - LIBRARY OF CONGRESS CONTROL NUMBER
LC control number 0335210465
040 ## - CATALOGING SOURCE
Original cataloging agency KABU
Transcribing agency KABU
245 14 - TITLE STATEMENT
Title The moral foundations of educational research :
Remainder of title knowledge, inquiry and values /
Statement of responsibility, etc. Pat Sikes, Jon Nixon and Wilfred Carr (eds)
250 ## - EDITION STATEMENT
Edition statement 1st ed.
260 ## - PUBLICATION, DISTRIBUTION, ETC. (IMPRINT)
Place of publication, distribution, etc. Philadelphia :
Name of publisher, distributor, etc. Open University Press,
Date of publication, distribution, etc. 2003.
300 ## - PHYSICAL DESCRIPTION
Extent 141 p.
650 #0 - SUBJECT ADDED ENTRY--TOPICAL TERM
Topical term or geographic name as entry element Eduacation
General subdivision Research
-- Moral and ethical aspects.
-- 0000183145
700 1# - ADDED ENTRY--PERSONAL NAME
Personal name Sikes, Pat.
-- 0000183146
700 1# - ADDED ENTRY--PERSONAL NAME
Personal name Nixon, Jon.
-- 0000183147
700 1# - ADDED ENTRY--PERSONAL NAME
Personal name Carr, Wilfred.
-- 0000183148
852 1# - LOCATION
-- p2500 KES
908 ## - PUT COMMAND PARAMETER (RLIN)
Put command parameter 130228
950 ## - LOCAL HOLDINGS (RLIN)
-- 1
Holdings
Withdrawn status Lost status Source of classification or shelving scheme Not for loan Home library Current library Date acquired Total Checkouts Full call number Barcode Date last seen Price effective from Koha item type
    Library of Congress Classification   Kabarak, Main Campus Kabarak, Main Campus 17/12/2015   LB1028 .M67 2003 c.1 014422 17/12/2015 17/12/2015 General Collection